000 00715nam a2200181Ia 4500
003 GCL
008 140319s9999 xx 000 0 ara d
040 _aGCL /
_cGCL
082 0 4 _a782.028
_bب ص
100 1 _aباتكيه، ماكس
245 1 0 _aالصولفيج الغنائى والايقاعى الفورى: تمارين لا نهائية للقراءة ةالاملاء الموسيقى للمعاهد وكليات الموسيقى والتربية الموسيقية /
_cباتكيه، ماكس
700 1 _aمحمد عزيز شاكر
490 _a100 قصة
_v0
650 0 4 _aالموسيقى
650 0 4 _aالنوتة الموسيقية
650 0 4 _aالسلم الموسيقى
942 _2ddc
_cBK
999 _c46333
_d46333